| 000 -ლიდერი |
| ფიქსირებული სიგრძის საკონტროლო ველი |
01969nam a22002537a 4500 |
| 003 - საკონტროლო ნომრის იდენტიფიკატორი |
| საკონტროლო ველი |
Ge_BSU |
| 005 - ბოლო ოპერაციის თარიღი და დრო |
| საკონტროლო ველი |
20250523105717.0 |
| 008 - ფიქსირებული სიგრძის მონაცემთა ელემენტები - ზოგადი ინფორმაცია |
| ფიქსირებული სიგრძის საკონტროლო ველი |
250523s2023 ge ||||| |||| 00| 0 geo d |
| 020 ## - წიგნის საერთაშორისო სტანდარტული ნომერი |
| International Standard Book Number |
9789941858833 |
| 041 ## - ენის კოდი |
| Language code of text/sound track or separate title |
geo |
| 080 ## - უნივერსალური ათობითი კლასიფიკაციის ინდექსი |
| Universal Decimal Classification number |
316.325 : 004 : 342.5 კ-36 |
| 100 ## - მთავარი ჩანაწერი - პიროვნების სახელი |
| Personal name |
კახიძე, ირაკლი |
| 9 (RLIN) |
25109 |
| 245 ## - ცნობა სათაურის შესახებ |
| Title |
ძალაუფლების ტრანსფორმაცია ინფორმაციულ საზოგადოებაში = Transformation of Power in the Information Society / |
| Statement of responsibility, etc |
ირაკლი კახიძე; სამეცნიერო რედაქტორი თენგიზ ირემაძე; დაკაბადონება და ყდის დიზაინი გიორგი ბაგრატიონი; ახალი საქართველოს უნივერსიტეტი, კავკასიური ფილოსოფიისა და თეოლოგიის სამეცნიერო-კვლევითი არქივი. |
| 250 ## - გამოცემის ცნობა |
| Edition statement |
I გამოცემა |
| 264 ## - წარმოების, გამოცემის, დისტრიბუციის და სხვა ცნობები |
| გამოცემის, წარმოების, დისტრიბუციის... ადგილი |
თბილისი, |
| გამოცემის, წარმოების, დისტრიბუციის... თარიღი |
2023. |
| 300 ## - ფიზიკური აღწერა |
| Extent |
151 გვ. ; |
| Other physical details |
21 სმ. |
| 500 ## - ზოგადი შენიშვნა |
| General note |
საძიებლები: გვ. 147-150. |
| 504 ## - BIBLIOGRAPHY, ETC. NOTE |
| Bibliography, etc |
ბიბლიოგრაფია: გვ. 128-142. |
| 520 ## - SUMMARY, ETC. |
| Summary, etc |
რეზიუმე ინგლისურ ენაზე. |
| 700 ## - ADDED ENTRY--PERSONAL NAME |
| Personal name |
ირემაძე, თენგიზ |
| Relator term |
სამეცნიერო რედაქტორი |
| 9 (RLIN) |
2229 |
| 700 ## - ADDED ENTRY--PERSONAL NAME |
| Personal name |
ბაგრატიონი, გიორგი |
| Relator term |
ყდის დიზაინერი |
| 9 (RLIN) |
25110 |
| 710 ## - ADDED ENTRY--CORPORATE NAME |
| Corporate name or jurisdiction name as entry element |
ახალი საქართველოს უნივერსიტეტი. |
| Subordinate unit |
კავკასიური ფილოსოფიისა და თეოლოგიის სამეცნიერო-კვლევითი არქივი |
| 9 (RLIN) |
25111 |
| 942 ## - ADDED ENTRY ELEMENTS (KOHA) |
| Source of classification or shelving scheme |
|
| Koha item type |
წიგნი |